All Finnish Wars - Statistics

General Stats
  • This quiz has been taken 42 times
  • The average score is 3 of 5
Answer Stats
Years War % Correct
1939-1940 Winter War
100%
1918 Civil War
78%
1941-1944 Continuation War
68%
1944-1945 Lapland War
58%
1918-1922 Heimosodat
15%
No matching quizzes found
Score Distribution
Percent of People with Each Score
Percentile by Number Answered
Your Score History
You have not taken this quiz